Fundamentals Of Financial Management (Record no. 4938)

MARC details
005 - DATE AND TIME OF LATEST TRANSACTION
control field 20250625073613.0
020 ## - INTERNATIONAL STANDARD BOOK NUMBER
International Standard Book Number 13: 978-0-324-59770-7
082 ## - DEWEY DECIMAL CLASSIFICATION NUMBER
Classification number 658.15HOU.
100 ## - MAIN ENTRY--PERSONAL NAME
Author name HOUSTON. B.
245 ## - TITLE STATEMENT
Title Fundamentals Of Financial Management
250 ## - EDITION STATEMENT
Edition statement 12th Ed.
260 ## - PUBLICATION, DISTRIBUTION, ETC.
Place of publication, distribution, etc. New York
Name of publisher, distributor, etc. South- Western Cengage Learning
Date of publication, distribution, etc. 2007.
300 ## - PHYSICAL DESCRIPTION
Extent xxiii.; 668p.; ill, table, figure, picture
Other physical details Index
Dimensions 28cm.
942 ## - ADDED ENTRY ELEMENTS (KOHA)
Source of classification or shelving scheme Dewey Decimal Classification
Koha item type Books

No items available.